000 00968nam a2200277Ia 4500
003 OSt
005 20220923210941.0
006 a|||||r|||| 00| 0
007 ta
008 220922b |||||||| |||| 00| 0 hin d
020 _a8123704852 (pb)
024 _a231,010
037 _cTextual
040 _aARTS
_cARTS
_bhin
041 _2hin
_ahin
082 _aO152,6N26x, N4
100 _aटम्टा, बहादुर राम
_9156491
245 0 _aअंडमान और निकोबार द्वीप समूह
246 _aAanḍamān aur nikobār dvīp samūha
260 _aदिल्ली
_b नेशनल बुक ट्रस्ट
_c1994
300 _a161पृ.
_ccm.
490 _aभारत - देश और लोग
650 _aहिन्दी साहित्य
_9156264
942 _hO152,6N26x, N4
_cTEXL
_2CC
999 _c293136
_d293136